<?xml version="1.0" encoding="UTF-8"?>
<collection xmlns="http://www.loc.gov/MARC21/slim">
 <record>
  <leader>01706nam a2200289 a 4500</leader>
  <controlfield tag="001">1/47929</controlfield>
  <controlfield tag="008">181011s2008    gr       b    00110 gre  </controlfield>
  <datafield tag="020" ind1=" " ind2=" ">
   <subfield code="a">9789602063798</subfield>
  </datafield>
  <datafield tag="035" ind1=" " ind2=" ">
   <subfield code="l">50923</subfield>
  </datafield>
  <datafield tag="040" ind1=" " ind2=" ">
   <subfield code="a">GR-PeUP</subfield>
  </datafield>
  <datafield tag="082" ind1="0" ind2="0">
   <subfield code="a">938.357 ANG ΜΤΦ</subfield>
  </datafield>
  <datafield tag="100" ind1="1" ind2=" ">
   <subfield code="a">Angold, Michael.</subfield>
  </datafield>
  <datafield tag="245" ind1="1" ind2="2">
   <subfield code="a">Η Βυζαντινή αυτοκρατορία από το 1025 έως το 1204 :</subfield>
   <subfield code="b">μία πολιτική ιστορία /</subfield>
   <subfield code="c">Michael Angold ;μετάφραση Ευαγγελία Καργιανιώτη ;επιστημονική επιμέλεια Παναγιώτης Α. Αγαπητός.</subfield>
  </datafield>
  <datafield tag="250" ind1=" " ind2=" ">
   <subfield code="a">3η έκδοση.</subfield>
  </datafield>
  <datafield tag="260" ind1=" " ind2=" ">
   <subfield code="a">Αθήνα :</subfield>
   <subfield code="b">Εκδόσεις Δ. Ν. Παπαδήμα,</subfield>
   <subfield code="c">2008.</subfield>
  </datafield>
  <datafield tag="300" ind1=" " ind2=" ">
   <subfield code="a">572 σ. ;</subfield>
   <subfield code="c">23 εκ.</subfield>
  </datafield>
  <datafield tag="500" ind1=" " ind2=" ">
   <subfield code="a">Τίτλος πρωτοτύπου: The Byzantine empire 1025-1204. A political history.</subfield>
  </datafield>
  <datafield tag="504" ind1=" " ind2=" ">
   <subfield code="a">Περιέχει βιβλιογραφία και ευρετήριο.</subfield>
  </datafield>
  <datafield tag="650" ind1=" " ind2="4">
   <subfield code="a">Βυζαντινή αυτοκρατορία</subfield>
   <subfield code="x">Ιστορία</subfield>
   <subfield code="y">1081-1204.</subfield>
  </datafield>
  <datafield tag="650" ind1=" " ind2="4">
   <subfield code="a">Βυζαντινή αυτοκρατορία</subfield>
   <subfield code="x">Ιστορία</subfield>
   <subfield code="y">1025-1081.</subfield>
  </datafield>
  <datafield tag="650" ind1=" " ind2="4">
   <subfield code="a">Βυζαντινή Αυτοκρατορία</subfield>
   <subfield code="x">Ιστορία</subfield>
   <subfield code="x">Δυναστεία Κομνηνών</subfield>
   <subfield code="y">1081-1185.</subfield>
  </datafield>
  <datafield tag="650" ind1=" " ind2="4">
   <subfield code="a">Byzantine Empire</subfield>
   <subfield code="x">History</subfield>
   <subfield code="y">1025-1204.</subfield>
  </datafield>
  <datafield tag="650" ind1=" " ind2="4">
   <subfield code="a">Byzantine Empire</subfield>
   <subfield code="x">History</subfield>
   <subfield code="x">Commeni Dynasty</subfield>
   <subfield code="z">1025-1204.</subfield>
  </datafield>
  <datafield tag="700" ind1="1" ind2=" ">
   <subfield code="a">Καργιανιώτη, Ευαγγελία.</subfield>
  </datafield>
  <datafield tag="700" ind1="1" ind2=" ">
   <subfield code="a">Αγαπητός, Παναγιώτης Α.</subfield>
  </datafield>
  <datafield tag="852" ind1=" " ind2=" ">
   <subfield code="a">INST</subfield>
   <subfield code="b">UNIPILB</subfield>
   <subfield code="c">MAIN</subfield>
   <subfield code="e">20181011</subfield>
   <subfield code="h">938.357 ANG ΜΤΦ</subfield>
   <subfield code="p">00179737</subfield>
   <subfield code="q">00179737</subfield>
   <subfield code="t">LOAN</subfield>
   <subfield code="y">0</subfield>
   <subfield code="4">2</subfield>
  </datafield>
  <datafield tag="852" ind1=" " ind2=" ">
   <subfield code="a">INST</subfield>
   <subfield code="b">UNIPILB</subfield>
   <subfield code="c">MAIN</subfield>
   <subfield code="e">20181011</subfield>
   <subfield code="h">938.357 ANG ΜΤΦ</subfield>
   <subfield code="p">00179738</subfield>
   <subfield code="q">00179738</subfield>
   <subfield code="t">LOAN</subfield>
   <subfield code="y">0</subfield>
   <subfield code="4">1</subfield>
  </datafield>
 </record>
</collection>
